000 00699nam a2200289Ia 4500
005 20260324144449.0
008 008 260324s9999 xx 000 0 eng d
020 _a9780429309007
037 _aEBOOK
040 _aCRL
040 _beng
040 _cCRL
041 _2eng
041 _aeng
084 _qCRL
100 _aJoseph A Camilleri
_91219419
245 4 _aThe Australia-new Zealand-u.s. Alliance
245 0 _bRegional Security In The Nuclear Age
260 _bTaylor and Francis
260 _c1988
365 _a
365 _b230
856 _uhttp://www.taylorfrancis.com/books/9780429309007
942 _cEBOOK
999 _c1826067
_d1826067